000 00370nam a2200145Ia 4500
008 230917s9999||||xx |||||||||||||| ||und||
040 _e186629
_aMAIN
041 _aEnglish
082 _a181.4 T188B
100 _aTater, Sohan Raj
245 0 _aBharatiya darshan ki maulik avadharanayen
260 _aJaipur
_bLiterary Circle
_c2011
300 _a255 p.
942 _cBK
999 _c134025
_d134025